000 00497nam a22001577a 4500
999 _c41381
_d41381
003 OSt
005 20211222141549.0
008 211222b ||||| |||| 00| 0 eng d
040 _coclc
082 _a909.097671
_bSOU/I
100 _91961
_aSoulath, Sarvath
245 _aIslamika Samooham Charithra Samgraham Vol 2 /
_cSarvath Soulath
260 _aIslamic Publishing House,
_bKozhikode:
_c2012.
300 _a492p
942 _2ddc
_cBK
_h909.097671
_iSOU/I
_k909.097671
_mSOU/I